|
|
|
|
| LEADER |
01047nam^a22002412a^4500 |
| 001 |
000819480 |
| 003 |
CZ BrMZK |
| 005 |
20060616085124.0 |
| 007 |
ta |
| 008 |
060613s1935 gw er|||||||||||ger d |
| 040 |
|
|
|a BOA001
|b cze
|c BOA001
|
| 041 |
0 |
|
|a ger
|a lat
|
| 100 |
1 |
|
|a Menge, Hermann,
|d 1841-1939
|7 mzk2009496048
|4 aut
|
| 245 |
1 |
0 |
|a Langenscheidts Taschenwörterbuch der lateinischen und deutsche Sprache.
|n T. 1,
|p Lateinisch-Deutsch /
|c unter Berücksichtigung des mittelalterlich-lateinischen Schrifttums neubearbeitet und durch einen Abriss der Formenlehre vervollständigt von Hermann Menge und Heinrich Müller
|
| 246 |
3 |
0 |
|a Lateinisch-Deutsch
|
| 260 |
|
|
|a Berlin :
|b Langenscheidt,
|c [1935]
|
| 300 |
|
|
|a vi, 407 s.
|
| 700 |
1 |
|
|a Müller, Heinrich,
|c historik
|4 aut
|
| 910 |
|
|
|a BOA001
|b 1-0217.795,1
|
| 990 |
|
|
|a BK
|
| 991 |
|
|
|b 200606
|
| 996 |
7 |
|
|b 2619228195
|c 1-0217.795,1
|l MZK
|r Sklad / do 1 hodiny
|n 2
|w 000819480
|u 000010
|a 1
|e BOA001
|j MZK50
|s A
|
| 996 |
7 |
|
|b 2619485323
|c 1-0217.795,1
|l MZK
|r Sklad / do 1 hodiny
|n 0
|w 000819480
|u 000020
|a 1
|e BOA001
|j MZK50
|s A
|